Z = Z /

Recreación ficticia del asesinato del político griego de izquierda Grigoris Lambrakis en 1963. Se plantea la farsa que significó la investigación de su muerte, calificada oficialmente como un accidente automovilístico, mientras se persiguió y, en muchos casos, eliminó, a los testigos y toda persona...

תיאור מלא

שמור ב:
מידע ביבליוגרפי
מחבר ראשי: Costa-Gavras, Constantin (realización)
מחברים אחרים: Semprún, Jorge (guión) (guión), Costa-Gavras, Constantin (guión) (guión), Coutard, Raoul (fotógrafo) (fotógrafo), Bolscher, Piet (vestuario) (vestuario), Bonnot, Françoise (montaje) (montaje), Theodorakis, Mikis (música) (música), Montand, Yves (actuación) (actuación), Papas, Irene (actuación) (actuación), Trintignant, Jean-Louis (actuación) (actuación), White, Armond (texto del folleto) (texto del folleto)
פורמט: שקופית
שפה:צרפתית
סדרה:(Criterion Collection ; 491)
נושאים:
תגים: הוספת תג
אין תגיות, היה/י הראשונ/ה לתייג את הרשומה!

MARC

LEADER 00000ngm^a2200000^a^4500
001 000311858
005 20251020000000.0
009 20260310113058.348
020 |a 978-1-60465-190-4 
037 |a Acervo ITESO - Biblioteca 
041 |a FRA 
082 |a 808. 8  |b CRI V. 491 
100 |a Costa-Gavras, Constantin  |e (realización) 
240 1 1 |a [Z, de Vassilis Vassilikos] 
240 1 1 |a [Z, de Vassilis Vassilikos. Adaptaciones] 
245 1 0 |a Z =  |b Z /  |c Realización de C. Costa-Gavras. 
264 2 |a Nueva York, EUA :  |b Criterion Collection [distribución],  |c 2009, c2009 
300 |a 1 DVD región 1 (127 min.) :  |b color +  |e 1 folleto (12 p.) 
336 |a imagen móvil bidimensional  |b tdi  |2 rdacontenido 
337 |a video  |b v  |2 rdamedio 
338 |a videodisco  |b vd  |2 rdasoporte 
440 1 |a (Criterion Collection ;  |v 491) 
500 |a Basado en: Z, de Vassilis Vassilikos 
520 |a Recreación ficticia del asesinato del político griego de izquierda Grigoris Lambrakis en 1963. Se plantea la farsa que significó la investigación de su muerte, calificada oficialmente como un accidente automovilístico, mientras se persiguió y, en muchos casos, eliminó, a los testigos y toda persona que ventilara la colusión del gobierno en el asunto. 
546 |a En francés, inglés y ruso con subtítulos opcionales: inglés 
586 |a Premio BAFTA, de la Academia Británica de Cine y Televisión (23°: 1969): Mejor Película (finalista) 
586 |a Premio Globo de Oro, de la Asociación de la Prensa Extranjera de Hollywood (27°: 1969): Mejor Película Extranjera en Lengua No Inglesa (ganadora, premio rechazado por los productores de la película) 
586 |a Premio Oscar, de la Academia Norteamericana de Cine (42°: 1969): Mejor Película (finalista) 
586 |a Premio Oscar, de la Academia Norteamericana de Cine (42°: 1969): Mejor Película en Lengua No Inglesa (ganadora, representante de Argelia) 
586 |a Premio Oscar, de la Academia Norteamericana de Cine (42°: 1969): Mejor Dirección (finalista: Constantin Costa-Gavras) 
649 |a XX 
650 |a Cineastas Griegos 
650 |a Diputados Griegos -  |x Biografías -  |x Adaptaciones para Cine 
650 |a Legisladores Griegos -  |x Biografías -  |x Adaptaciones para Cine 
650 |a Políticos en el Cine 
650 |a Políticos Griegos -  |x Biografías -  |x Adaptaciones para Cine 
650 |a Cine Social y Político 
650 |a Películas Policíacas 
650 |a Dramas Cinematográficos 
650 |a Cine Francés -  |y 1960-1969 
650 |a Cine Francés -  |y Siglo XX 
650 |a Novela Griega -  |x Adaptaciones para Cine 
650 |a Literatura Griega -  |y Siglo XX -  |x Adaptaciones para Cine 
650 |a Literatura y Cine 
650 |a Asesinato Político -  |z Grecia -  |x Historia -  |y Pablo I, 1947-1964 -  |x Tema Principal 
650 |a Represión -  |z Grecia -  |x Historia -  |y Pablo I, 1947-1964 
650 |a Violencia Política -  |z Grecia -  |x Historia -  |y Pablo I, 1947-1964 
650 |a Investigación del Delito -  |z Grecia -  |x Historia -  |y Constantino II, 1964-1967 
650 |a Dictadura -  |z Grecia -  |x Historia -  |y Junta Militar, 1967-1974 
650 |a Política -  |z Grecia -  |x Historia -  |y Pablo I, 1947-1964 
650 |a Política -  |z Grecia -  |x Historia -  |y Restauración Monárquica, 1937-1967 
650 |a Política -  |z Grecia -  |x Historia -  |y Junta Militar, 1967-1974 
650 |a Política -  |z Grecia -  |x Historia -  |y Siglo XX 
650 |a Lambrakis, Grigoris -  |x Tema Principal 
740 0 |a Sounding the Alarm /  |c Texto de A. White. 
700 |a Semprún, Jorge  |e (guión) 
700 |a Costa-Gavras, Constantin  |e (guión) 
700 |a Coutard, Raoul  |e (fotógrafo) 
700 |a Bolscher, Piet  |e (vestuario) 
700 |a Bonnot, Françoise  |e (montaje) 
700 |a Theodorakis, Mikis  |e (música) 
700 |a Montand, Yves  |e (actuación) 
700 |a Papas, Irene  |e (actuación) 
700 |a Trintignant, Jean-Louis  |e (actuación) 
700 |a White, Armond  |e (texto del folleto) 
910 |a Fondo General 
920 |a Audiovisuales - DVDs 
940 |a Películas 
905 |a 308 
901 |a 0500204141  |b IT2  |c DVR  |i C123462  |u 20250521 
901 |a 0500204382  |b IT2  |c MIN  |u 20251020 
902 |a https://opac.biblio.iteso.mx/vufind/Record/000311858